مختصر شرح العقيدة الطحاوية / (Record no. 16207)
[ view plain ]
| 000 -الفاتح | |
|---|---|
| حقل البيانات ثابتة الطول | 00734nam a22002057a 4500 |
| 005 - وقت وتاريخ اخر تعامل مع التسجيلة | |
| رقم الضبط | 20201124142109.0 |
| 008 - عناصر البيانات ثابتة الطول - معلومات عامة | |
| حقل البيانات ثابتة الطول | 111114s iq|||||| ||| 001 0 ara d |
| 082 ## - رقم تصنيف ديوى العشرى | |
| رقم الطبعة | 22 |
| رقم التصنيف | 240 |
| رقم المادة | م خ ت |
| 110 ## - المدخل الرئيسى - إسم هيئة | |
| 9 (RLIN) | 27743 |
| اسم الهيئة أو اسم السلطة كمدخل | دار النذير للطباعة والنشر |
| 245 ## - بيان العنوان | |
| العنوان | مختصر شرح العقيدة الطحاوية / |
| بيان المسئوليه,etc | دار النذير للطباعة والنشر. |
| 250 ## - بيان الطبعة | |
| بيان الطبعة | ط. 1. |
| 260 ## - PUBLICATION, DISTRIBUTION, ETC. (IMPRINT) | |
| مكان الناشر او الموزع | بغداد : |
| اسم الناشر او الموزع | دار النذير، [?1968] |
| تاريخ النشر أو التوزيع | [1968?] |
| 300 ## - الوصف المادى | |
| التعداد | 347 ص. ؛ |
| أبعاد الوعاء | 24 سم. |
| 650 ## - المدخل الاضافى بالموضوع-مصطلح موضوعى | |
| 9 (RLIN) | 16065 |
| مصطلح موضوعي أو اسم جغرافي كعنصر مدخل | علم الكلام |
| 650 ## - المدخل الاضافى بالموضوع-مصطلح موضوعى | |
| 9 (RLIN) | 8719 |
| مصطلح موضوعي أو اسم جغرافي كعنصر مدخل | علم الكلام |
| التقسيم الفرعي العام | مذاهب |
| 650 ## - المدخل الاضافى بالموضوع-مصطلح موضوعى | |
| 9 (RLIN) | 13529 |
| مصطلح موضوعي أو اسم جغرافي كعنصر مدخل | الثواب والعقاب |
| 650 ## - المدخل الاضافى بالموضوع-مصطلح موضوعى | |
| 9 (RLIN) | 13533 |
| مصطلح موضوعي أو اسم جغرافي كعنصر مدخل | الموت |
| 653 ## - مصطلح تكشيفى غير مقيد | |
| Resource For college | |
| Arrived date list | November2011 |
| 942 ## - عناصر المدخل الإضافي( كوها) | |
| مصدر التصنيف او مخطط الترفيف | Dewey Decimal Classification |
| Koha [default] item type | Book - Borrowing |
| حالة التراجع | حالة الفقد | مصدر التصنيف او خطة الترفيف | حالة تلف | ليس للاعارة | مجموعات كوها | المكان الدائم | المكان الحالي | موقع الترفيف | تاريخ الاكتساب | Source of acquisition | رقم الاستدعاء | الباركود | Date last seen | نوع الوعاء |
|---|---|---|---|---|---|---|---|---|---|---|---|---|---|---|
| Dewey Decimal Classification | Alef-Baa | Central Library | Central Library | Lower Floor | 14/11/2011 | 240 م خ ت | 000025628 | 15/07/2025 | Book - Borrowing |